Besos - El Canto del Loco - Estadísticas

Estadísticas generales
  • Esta prueba ha sido intentada 248 veces
  • La puntuación promedio es 173 de 204
Estadísticas de respuestas
% Correcto
besos
99%
de
96%
la
96%
me
96%
no
96%
pa'
96%
por
96%
qué
96%
que
96%
Que
96%
Qué
96%
las
95%
los
95%
a
94%
en
94%
es
94%
lo
94%
más
94%
Y
94%
y
94%
noche
92%
si
92%
te
92%
el
91%
quiero,
91%
cenar
90%
mañanas
90%
todas
90%
eso
89%
se
89%
tarde
89%
o
88%
dime
86%
da
85%
den
84%
despierten
84%
ligar
84%
ponerte
83%
83%
calle
82%
guapo
82%
has
82%
ya
82%
espejo
81%
habiendo
81%
Para
81%
está
80%
importa
79%
luego
79%
sin
79%
igual
78%
piensas
78%
siga
78%
vas
78%
tan
77%
horas
76%
impresionar
75%
salido
75%
ven
75%
bueno
74%
fresco
74%
mal
74%
sentimientos
74%
tres
73%
bien
72%
tirado
72%
ir
71%
cuerpo
70%
demás
70%
han
70%
cremas
69%
dará
69%
hoy
69%
mil
69%
sea
68%
olvidao'
67%
echas
64%
Tienes
63%
tienes
63%
empezar
62%
esos
62%
resolver
62%
ver
60%
casi
58%
faltan
55%
quieren
55%
miran
54%
ese
52%
ojos
52%
Sólo
52%
metrosexual
49%
dentro
48%
complejos
47%
párate
43%
guiño
42%
Verso Entiende
36%
Mucho
34%
No se encontraron pruebas coincidentes
Distribución de puntuación
Porcentaje de gente con cada puntuación
Porcentaje por número respondido
Historial de tus puntuaciones
No has intentado esta prueba.